000 00508nam a22001937a 4500
003 LK-CoMWRAF
005 20231030100549.0
008 231030b |||||||| |||| 00| 0 eng d
040 _aLK-CoMWRAF
_dLK-CoMWRAF
_eLK-CoMWRAF
041 _aeng
082 _a912.54
_bSIN
100 _aSingh, Khushwant
245 _aDelhi :
_bA novel
260 _aMadras :
_bSangam books Pvt. Ltd,
_c1983
300 _a152 p. ; 17 cm.
650 _aDelhi (India)--Maps
650 _aDelhi (India)--Guidebooks
942 _cBK
999 _c4042
_d4042